|
|
|
|
| LEADER |
01035nam a2200289 4500 |
| 001 |
DLU180186909 |
| 005 |
##20180910 |
| 040 |
# |
# |
|a DLU
|b vie
|
| 041 |
# |
# |
|a vie
|
| 044 |
# |
# |
|a vn
|
| 100 |
# |
# |
|a Nguyễn Lê Vân Dung,
|c ThS.
|
| 245 |
# |
# |
|a Phát triển thành phố học tập và khung năng lực cho công dân học tập suốt đời đáp ứng yêu cầu xây dựng xã hội học tập của Châu Âu /
|c Nguyễn Lê Vân Dung, Nguyễn thị Hảo.
|
| 653 |
# |
# |
|a Học tập suốt đời
|
| 653 |
# |
# |
|a Năng lực học tập
|
| 653 |
# |
# |
|a Phát triển đất nước
|
| 653 |
# |
# |
|a Xã hội học tập
|
| 700 |
# |
# |
|a Nguyễn Thị Hảo,
|c ThS.
|
| 773 |
# |
# |
|t Tạp chí dạy và học ngày nay
|g Số 2, 2016, tr. 58-60
|
| 920 |
# |
# |
|a Phòng Tạp chí -- Trung tâm Thông tin - Thư viện Trường Đại học Đà Lạt
|
| 994 |
# |
# |
|a DLU
|
| 900 |
# |
# |
|a True
|
| 911 |
# |
# |
|a Trần Thị Minh Hương
|
| 925 |
# |
# |
|a G
|
| 926 |
# |
# |
|a A
|
| 927 |
# |
# |
|a BB
|
| 980 |
# |
# |
|a Thư viện Trường Đại học Đà Lạt
|